| 000 | 00618nam a2200229Ia 4500 | ||
|---|---|---|---|
| 003 | OSt | ||
| 005 | 20221007101822.0 | ||
| 006 | a|||||r|||| 00| 0 | ||
| 007 | ta | ||
| 008 | 221006b |||||||| |||| 00| 0 eng d | ||
| 024 | _a8,176 | ||
| 037 | _cTextual | ||
| 040 |
_aLCO _cLCO _beng |
||
| 041 |
_2eng _aeng |
||
| 082 | _aX8 (A):95, K6 | ||
| 245 | 0 |
_aMINISTRY OF LABOUR, Attitudes to Efficiency _b A Report |
|
| 260 |
_aLondon _bH.M.S.D. _c1966 |
||
| 300 | _a35 | ||
| 650 |
_aMINISTRY OF LABOUR _9703775 |
||
| 942 |
_hX8 (A):95, K6 _cTEXL |
||
| 999 |
_c1177739 _d1177739 |
||